| 000 | 01004nam a22002655a 4500 | ||
|---|---|---|---|
| 003 | OSt | ||
| 005 | 20170130145107.0 | ||
| 008 | 160922s2013 ua frb 000 0 ara d | ||
| 015 | _22013 / 18581 | ||
| 020 | _a978979301 | ||
| 040 |
_aEG-ScBUE _bara _cEG-ScBUE _dEG-ScBUE |
||
| 043 | _af-ua--- | ||
| 082 | 0 | 4 |
_222 _bأ ح م _a342.6206 |
| 100 | 1 | _aأحمد، منصور محمد. | |
| 245 | 1 | 0 |
_aسلطة القاضي الإداري للأمور المستعجلة في توجيه أوامر للإدارة / _cمنصور محمد أحمد. |
| 260 |
_aالقاهرة : _bدار النهضة العربية، _c2013. |
||
| 300 |
_a150 ص. ؛ _c24 سم. |
||
| 504 | _aيشتمل على إرجاعات ببليوجرافية. | ||
| 650 | 7 |
_aالقضاء الإداري _941077 _zمصر _2BUEsh |
|
| 650 | 7 |
_aالقانون الإداري _2BUEsh _zمصر. _940573 |
|
| 650 | 7 |
_aالقرارات الإدارية _zمصر. _940798 _2BUEsh |
|
| 651 | _2BUEsh | ||
| 653 |
_bLLAAWW _cJanuary2017 |
||
| 942 | _2ddc | ||
| 999 |
_c24037 _d24009 |
||